000 00406nam a2200181Ia 4500
001 7833
005 20260306160524.0
008 260306t2001||||xx |||||||||||||| ||spa||
041 _aESP
082 _a362.5021
_bI51
100 _aINEI
_eAUT
245 0 _a¿Ha mejorado el bienestar de la población?
260 _c2001
300 _a
_c
650 _aGEN
654 _aCAN
942 _cLIB
_dJUS
_fJUS
_2ddc
_n
999 _c7833
_d7833